| 000 | 00857nam a22002537a 4500 | ||
|---|---|---|---|
| 005 | 20091023113558.0 | ||
| 008 | 091023t xxu||||| |||| 00| 0 eng d | ||
| 010 | _aENG-95177 | ||
| 020 |
_a9780070671928 _c180.00 |
||
| 020 |
_a0070671923 _c180.00 |
||
| 035 | _aEN-78710 | ||
| 037 | _aDBAD/PUB | ||
| 040 | _aDPL | ||
| 082 | _a005.12 | ||
| 100 | _aNithyashri, J. | ||
| 245 |
_aSystem software / _cby J. Nithyashri |
||
| 250 | _a2nd ed. | ||
| 260 |
_aNew Delhi _bTata MaGraw Hill Education _c2010 |
||
| 270 |
_a7, West Patel Nagar _bNew Delhi _e110008 |
||
| 300 |
_aviii, 158p. _c24cm. (Pbk) |
||
| 500 | _aIncludes index | ||
| 942 |
_2ddc _cEN _mNIT _h005.12 |
||
| 999 |
_c31013 _d31013 |
||